| 000 | 00739nam a2200241 a 4500 | ||
|---|---|---|---|
| 008 | |||
| 020 | _a0029253608 (hardcover) | ||
| 049 | _aMAIN | ||
| 090 |
_aHD41 _bPOR |
||
| 100 | 1 | _aPorter, Michael E. | |
| 245 | 1 | 0 |
_aCompetitive strategy : _btechniques for analyzing industries and competitors / _cMichael E. Porter. |
| 260 |
_aNew York : _bFree Press, _cc1980. |
||
| 300 |
_axx, 396 p. : _bill. ; _c25 cm. |
||
| 500 | _aIncludes index. | ||
| 504 | _aIncludes bibliographical references. | ||
| 650 | 0 | _aCompetition. | |
| 650 | 0 | _aIndustrial management. | |
| 907 |
_a.b10050760 _b17-09-09 _c17-04-03 |
||
| 003 | |||
| 005 | 20230120193550.0 | ||
| 040 | _cNUST | ||
| 942 |
_cBOOKS _kHD41 _mPOR |
||
| 999 |
_c101392 _d101392 |
||